The ravishing essence of the 21st century marketing

Analýza a porovnanie trendov v modernom marketingu. Použitie v praxi so zákazníkom, ktorý je zaplavený reklamami na dennej báze.

Gespeichert in:
Bibliographische Detailangaben
1. Verfasser: Hudec, Martin
Format: Buchkapitel
Sprache:Englisch
Schlagworte:
Tags: Tag hinzufügen
Keine Tags, Fügen Sie das erste Tag hinzu!

MARC

LEADER 00000naa$a2200000$$$4500
001 0239159
005 20240502073855.2
041 0 |a eng 
044 |a SK 
245 1 0 |a The ravishing essence of the 21st century marketing  |c Martin Hudec 
520 |a Analýza a porovnanie trendov v modernom marketingu. Použitie v praxi so zákazníkom, ktorý je zaplavený reklamami na dennej báze. 
610 2 0 |a marketing 
610 2 0 |a dejiny myslenia ekonomického 
610 2 0 |a vývoj 
610 2 0 |a technológie obchodné 
610 2 0 |a analýza komparatívna 
610 2 0 |a prax odborná 
610 2 0 |a klienti 
100 1 |a Hudec, Martin